Revue d'économie industrielle

Gespeichert in:
Bibliographische Detailangaben
Format: Schriftenreihe
Sprache:Französisch
Veröffentlicht: Paris Éditions Techniques et Économiques 1998
Schlagworte:
Tags: Tag hinzufügen
Keine Tags, Fügen Sie das erste Tag hinzu!

MARC

LEADER 00000nas2a2200000 4500
001 s122419
005 20221221071451.6
022 |a 0154-3229 
041 0 |a fre 
044 |a FR 
245 1 0 |a Revue d'économie industrielle 
264 1 |a Paris  |b Éditions Techniques et Économiques  |c 1998 
300 |a 1 zv. 
773 0 |w eu_un_cat*s120271 
610 2 0 |a priemysel 
610 2 0 |a riadenie priemyslu